Szczegóły MARC21

Transformacja : problemy do rozwiązania : materiały na konferencję z okazji jubileuszu 50-lecia pracy naukowe j i dydaktycznej Profesora dr hab. Wacława Wilczyńskiego /

005 -DATA I CZAS OSTATNIEJ MODYFIKACJI [,]
    • @
    • pole kontrolne
    • 20070315155141.9
020 -Międzynarod. znormalizowany nr książki - ISBN [ , ]
    • a
    • Numer ISBN
    • 8390643383 Find
040 -Instytucja sporządzająca opis [ , ]
    • a
    • Instytucja, która sporządziła opis (NP)
    • SZCZ U
    • c
    • Instytucja, która sporządziła rekord (NP)
    • SZCZ U
041 -Język dokumentu [0, ]
    • a
    • Język tekstu (P)
    • polski
    • h
    • Język tekstu oryginalnego i/lub pośredniego (P)
    • polski
942 -Rodzaj dokumentu [ , ]
    • c
    • Rodzaj dokumentu
    • Książka
245 -Strefa tytułu i oznaczenia odpowiedzialności [0, ]
    • a
    • Tytuł
    • Transformacja : Find
    • b
    • Ciąg dalszy tytułu (NP)
    • problemy do rozwiązania : materiały na konferencję z okazji jubileuszu 50-lecia pracy naukowe j i dydaktycznej Profesora dr hab. Wacława Wilczyńskiego / Find
    • c
    • Pozostałe elementy strefy tytułu i oznaczenia odpowiedzialności (NP)
    • [red. nauk. Wojciech Piotr].
260 -Strefa adresu wydawniczego [ , ]
    • a
    • Miejsce wydania (P)
    • Leszno :
    • b
    • Nazwa wydawcy (P)
    • 88ższa Szkoła Zarządzania i Marketingu,
    • c
    • Data wydania (P)
    • 1999.
300 -Strefa opisu fizycznego [ , ]
    • a
    • Określenie formy książki i/lub objętość (NP)
    • 212 s. :
    • c
    • Format (NP)
    • 24 cm.
080 -Uniwersalna Klasyfikacja Dziesiętna [ , ]
    • a
    • Symbol klasyfikacji
    • 338.22(438)"1989/..."(061)
080 -Uniwersalna Klasyfikacja Dziesiętna [ , ]
    • a
    • Symbol klasyfikacji
    • :658.1/.5.01(061)
080 -Uniwersalna Klasyfikacja Dziesiętna [ , ]
    • a
    • Symbol klasyfikacji
    • :330.101.541/.542(061)
980 -Symbol UKD [ , ]
    • a
    • UKD
    • 338.22(438)"1989/...":658.1/.5.01:330.101.541/.542](061)
700 -Hasło dodatkowe - nazwa osobowa [ , ]
    • a
    • Nazwa osobowa (NP)
    • Piotr Wojciech Find
920 -ISBN [ , ]
    • a
    • ISBN
    • 83-906433-8-3 Find
Data inwentaryzacji Lokalizacja Numer inwentarzowy Status udost.
2000-07-31BEE.67039-2
2000-07-31BES.86394-3